00405nam a2200145 a 45000010005000000030009000050080041000140400028000550820018000832450054001012600032001553000015001874900031002026500026002335959CO-ViMGA141112s2004 ck r 000 u spa d aCO-ViMGAbspacCO-ViMGA04a808.8037 C74610aLas criptas de kaua y obras leyendas de América aBarcelona : bLabor, c1986 a126 p : il aLabor bolsillo juvenil, 5614aLEYENDAS AméricaNAS